00532nam a2200181Ia 450000500170000000800410001708200190005810000270007724500380010426000400014230000180018265000100020065000120021065000120022294200060023495200950024099900150033520250305011643.0240331s9999 xx 000 0 und d bMAH26375a923 aMahesevaralingam, K. K 0aMattakalappu:bVazhvum Vazhipadum aColombobColombo Tamil Sangamc2008 aviii, 226 p., aTamil aRituals aCulture cL 001040708LaWERCLbWERCLcSSCd2024-03-31l0o 923 MANp6375r2024-03-31w2024-03-31yL c4702d4702